000 00828cab a22001815a 4500
001 L154027
008 111004e20111001xxk 000 0 eng d
035 _a(Sirsi) u154027
041 0 _aeng
245 0 0 _aGreen is the new black
260 _c2011
490 _aEstates Gazette
_v(1139) 1 October 2011, 105(1)
520 _aDiscussion of green leases where three quarters of investors and landlords expect to see them introduced on their buildings in the next 12 to 24 months but a similar percentage of tenants expect them not to happen. It remains to be seen how far the sector will go in its efforts to implement changes in this area.
590 _aKA
651 4 _aUnited Kingdom
_y
690 _aPROPERTY-COMMERCIAL PROPERTY-LEASEHOLD COMMERCIAL PROPERTY-COMMERCIAL LANDLORD AND TENANT-COMMERCIAL LEASES
942 _n0
999 _c83460
_d83460